Brawl Stars: Sam Skins by Picture - Statistics

General Stats
  • This quiz has been taken 34 times
    10 since last reset
  • The average score is 7 of 8
Answer Stats
Picture Answer % Correct
Caesar Sam
100%
Dark Clown Sam
100%
Sam the Teddy
100%
True Gold Sam
100%
True Silver Sam
100%
Yeti Sam
100%
Peaky Sam
71%
Spectaculor Sam
57%
No matching quizzes found
Score Distribution
Percent of People with Each Score
Percentile by Number Answered
Your Score History
You have not taken this quiz since the last reset